Panitikang Pilipino (Record no. 84995)

MARC details
000 -LEADER
fixed length control field 00698nam a22002417a 4500
003 - CONTROL NUMBER IDENTIFIER
control field URS
005 - DATE AND TIME OF LATEST TRANSACTION
control field 20250828100511.0
008 - FIXED-LENGTH DATA ELEMENTS--GENERAL INFORMATION
fixed length control field 250408b ||||| |||| 00| 0 eng d
020 ## - INTERNATIONAL STANDARD BOOK NUMBER
International Standard Book Number 9789719477310
040 ## - CATALOGING SOURCE
Transcribing agency URS
050 ## - LIBRARY OF CONGRESS CALL NUMBER
Classification number PL6141
Item number .Au7 2012
100 ## - MAIN ENTRY--PERSONAL NAME
9 (RLIN) 12207
Personal name Austero, Cecilia S.
245 ## - TITLE STATEMENT
Title Panitikang Pilipino
264 ## - PRODUCTION, PUBLICATION, DISTRIBUTION, MANUFACTURE, AND COPYRIGHT NOTICE
Place of production, publication, distribution, manufacture Sta. Mesa Manila
Name of producer, publisher, distributor, manufacturer Rajah Publishing House
Date of production, publication, distribution, manufacture, or copyright notice ©2012
300 ## - PHYSICAL DESCRIPTION
Extent 302 pages.,:
Dimensions 26 cm.
336 ## - CONTENT TYPE
Source rdacontent
Content type term text
337 ## - MEDIA TYPE
Source rdamedia
Media type term unmediated
338 ## - CARRIER TYPE
Source rdacarrier
Carrier type term volume
650 #0 - SUBJECT ADDED ENTRY--TOPICAL TERM
9 (RLIN) 6634
Topical term or geographic name entry element Philippine Literature -- History and Criticism.
700 ## - ADDED ENTRY--PERSONAL NAME
9 (RLIN) 12208
Personal name Suguran, Tessie S.
700 ## - ADDED ENTRY--PERSONAL NAME
9 (RLIN) 11150
Personal name Abueg, Efren R.
942 ## - ADDED ENTRY ELEMENTS (KOHA)
Source of classification or shelving scheme Library of Congress Classification
Koha item type Filipiniana
Holdings
Withdrawn status Source of classification or shelving scheme Damaged status Not for loan Collection code Home library Current library Date acquired Total Checkouts Full call number Barcode Date last seen Copy number Price effective from Koha item type
  Library of Congress Classification     Non-fiction Morong Graduate Library Morong Graduate Library 04/08/2025   PL6141 .Au7 2012 URSMOR-GL-5203 04/08/2025 1 04/08/2025 Filipiniana
  Library of Congress Classification     Non-fiction Morong Graduate Library Morong Graduate Library 04/08/2025   PL6141 .Au7 2012 URSMOR-GL-5204 04/08/2025 2 04/08/2025 Filipiniana

University of Rizal System
Email us at univlibservices@urs.edu.ph

Visit our Website www.urs.edu.ph/library